Moğolca-Türkçe sözlük / (Record no. 15845)
[ view plain ]
| 000 -BAŞLIK | |
|---|---|
| Sabit Uzunlukta Kontrol Alanı | 00789nam a22002177a 4500 |
| 999 ## - SİSTEM KONTROL NUMARALARI (KOHA) | |
| Koha Biblionumber | 15845 |
| Koha Biblioitemnumber | 15845 |
| 003 - KONTROL NUMARASI IDENTIFIER | |
| Denetim Alanı | MIRAKIL |
| 005 - SON İŞLEM TARİHİ VE ZAMANI | |
| Denetim Alanı | 20240401125535.0 |
| 008 - SABİT-BOY VERİ ELEMANLARI - GENEL BİLGİLER | |
| Sabit Uzunlukta Kontrol Alanı | 240401b tu ||||| |||| 00| 0 tur d |
| 020 ## - ULUSLARARASI STANDART KİTAP NUMARASI | |
| Uluslararası Standart Kitap Numarası | 9789751633262 |
| 040 ## - KATALOGLAMA KAYNAK | |
| Orijinal Kataloglama Ajansı | TR-AnCHP |
| Metne Dönüştürmek Ajansı | TR-AnCHP |
| 041 ## - DİL KODU | |
| Metin / Ses Parça Veya Ayrı Başlığın Dil Kodu | tur |
| 082 ## - DEWEY ONLU SINIFLANDIRMA NUMARASI | |
| Sınıflandırma Numarası | 494.203 |
| Ürün Numarası | L37m 2017 |
| 100 ## - ANA GİRİŞ - KİŞİSEL İSİM | |
| Kişisel Ad | Lessing, Ferdinand D. |
| 245 10 - BAŞLIK TABLOSU | |
| Başlık | Moğolca-Türkçe sözlük / |
| Sorumluluk Tablosu, Vb | Ferdinand D. Lessing ; çeviren: Günay Karaağaç |
| 260 ## - YAYIN, DAĞITIM, VB | |
| Yayın, Dağıtım, Vb Yeri | Ankara: |
| Yayıncı, Dağıtıcı, Vs Adı | Türk Dil Kurumu Yayınları, |
| Yayın, Dağıtım, Vb Tarihi | 2017. |
| 300 ## - FİZİKSEL TANIM | |
| Kapsam | 1326 s. : |
| Diğer Fiziksel Ayrıntıları | tbl. ; |
| Boyutlar | 24 cm. |
| 490 0# - SERİSİ TABLOSU | |
| Seri Beyanı | Atatürk Kültür, Dil ve Tarih Yüksek Kurumu Türk Dil Kurumu yayınları ; |
| Hacim / Ardışık Tanımı | 829. |
| 650 #0 - KONU KATMA GİRİŞ - TOPİKAL DÖNEM | |
| 9 (RLIN) | 7933 |
| Topikal Süreli Veya Coğrafi Ad Giriş Elemanı | Moğolca-Türkçe sözlük |
| 856 ## - ELEKTRONİK YER VE ERİŞİM | |
| Kamu Notu | Dijital Nüshası için Partimizin Kütüphane Sorumlusu ile iletişime geçiniz. |
| 942 ## - EKLENDİ GİRİŞ ELEMANLARI (KOHA) | |
| Sınıflandırma Veya Raf Düzeni Kaynak | Dewey Decimal Classification |
| Koha Öğesi Türü | Books |
| Kalıcı Konum | Mevcut Konum | Edinme Tarihi | Toplam Check-Out'Lar | Tam Çağrı Numarası | Barkod | Tarih Son Görülme | İtibaren Geçerli Fiyatlar | Koha Öğesi Türü |
|---|---|---|---|---|---|---|---|---|
| CHP Kütüphanesi | CHP Kütüphanesi | 04/01/2024 | 494.203 L37m 2017 | 21796 | 04/01/2024 | 04/01/2024 | Books |
